Countries that Start with L - Map Quiz - Statistics

General Stats
  • This quiz has been taken 96 times
  • The average score is 9 of 9
Answers on the Map
Answers color-coded by a green-red scale on the quiz's map according to % correct below.
 
Answer Stats
Country % Correct
Laos
98%
Libya
97%
Liechtenstein
97%
Lithuania
97%
Latvia
94%
Lesotho
93%
Liberia
93%
Luxembourg
93%
Lebanon
92%
No matching quizzes found
Score Distribution
Percent of People with Each Score
Percentile by Number Answered
Your Score History
You have not taken this quiz